00675nam a2200169Ia 4500020001800000082002000018100001700038245007100055260003700126300001100163504003500174650004600209650005700255650008400312650006000396650004900456 a9788131603291 a306.09547 BHA-C aBhatt, G. S. 0aCult, religion and society: Polyandrous people of Western Himalaya aJaipurbRawat Publicationsc2010 ax, 420 aIncludes bibligraphy and index aCultsvIndiavWestern Himalaya Mountains  aMahasu, ThevCultsvIndiavWesternHimalaya Mountains aWestern Himalaya Mountains (India)vReligionvIndiavWesternHimalaya Mountains  aReligion and culturevIndiavWestern Himalaya Mountains aPolyandryvIndiavWestern Himalaya Mountains